| 000 | 00927cam a22002891 4500 | ||
|---|---|---|---|
| 001 | 2605 | ||
| 003 | BD-RjUL | ||
| 005 | 20211208233604.0 | ||
| 008 | 131212r19671963ne ad 001 0 eng | ||
| 035 | _a(BD-RjUL)2632 | ||
| 040 |
_aDLC _cDLC _dDLC _dBD-RjUL _beng |
||
| 041 | _aeng | ||
| 082 | 0 | 0 |
_a331.11 _bCOE |
| 100 | 1 |
_aCorrea, H. _q(Héctor) _98422 |
|
| 245 | 1 | 4 |
_aThe economics of human resources / _cby H. Correa. |
| 250 | _a1st ed. | ||
| 260 |
_aAmsterdam : _bNorth-Holland Pub. Co., _c1967. |
||
| 300 |
_a262 p. : _c23 cm. _bill. ; |
||
| 350 | _a35.00 | ||
| 504 | _aIncludes bibliographical references and index. | ||
| 650 | 0 |
_aHuman capital. _98052 |
|
| 856 | 4 |
_3WorldCat details. _uhttp://www.worldcat.org/title/economics-of-human-resources/oclc/1524449&referer=brief_results |
|
| 942 |
_2ddc _cBK |
||
| 999 |
_c2605 _d2605 |
||